| 000 | 00504nam a22001937a 4500 | ||
|---|---|---|---|
| 999 |
_c9289 _d9289 |
||
| 003 | GBCCL | ||
| 005 | 20241126110709.0 | ||
| 008 | 220915b ||||| |||| 00| 0 eng d | ||
| 020 | _a9789391661434 | ||
| 040 | _cgbc | ||
| 082 |
_a320 _bBAG |
||
| 100 |
_aBagra, Goli _916169 |
||
| 245 | _aModern Indian political thinkers | ||
| 260 |
_aMeerut : _bBalaji publishers _c2022. |
||
| 300 | _a308 | ||
| 650 |
_aLaw, Politics & Government _916170 |
||
| 650 |
_aPolitical Science _911444 |
||
| 942 |
_2ddc _cBK _01 |
||